El sistema del relato en la novela "La ciudad y los perros"

में बचाया:
ग्रंथसूची विवरण
मुख्य लेखक: Sanabria Solano, Rita María
स्वरूप: पुस्तक
भाषा:Undetermined
प्रकाशित: San José, Costa Rica Escuela de Filología, Lingüística y Literatura,Universidad de Costa Rica 1976
विषय:
टैग: टैग जोड़ें
कोई टैग नहीं, इस रिकॉर्ड को टैग करने वाले पहले व्यक्ति बनें!

MARC

LEADER 00000nam a2200000Ia 4500
008 170316s9999 xx 000 0 und d
040 |a cru BVZT 
090 |a TESIS 61 
100 |a Sanabria Solano, Rita María 
245 |a El sistema del relato en la novela "La ciudad y los perros" 
260 |a San José, Costa Rica 
260 |b Escuela de Filología, Lingüística y Literatura,Universidad de Costa Rica 
260 |c 1976 
300 |a 66 páginas 
650 |a LICENCIATURA EN FILOLOGÍA ESPAÑOLA 
650 |a TRABAJO FINAL DE GRADUACIÓN 
999 |c 14263  |d 14263 
942 |c TFG  |h TESIS 61  |2 z